Statistics for Top 10 U.S. States with the Most Precipitation

Click here to take the quiz!

General Stats

  • This quiz has been taken 18,536 times
  • The average score is 7 of 10

Answer Stats

cm/year State % Correct
138.5Florida
96%
128.7Georgia
85%
148.0Alabama
83%
149.9Mississippi
82%
152.8Louisiana
79%
161.8Hawaii
75%
127.9North Carolina
63%
137.6Tennessee
60%
128.4Arkansas
55%
127.9Connecticut
12%

Score Distribution

Percentile by Number Answered

Percent of People with Each Score

Your Score History

You have not taken this quiz